| 000 | 00972cam a2200277 a 4500 | ||
|---|---|---|---|
| 999 |
_c26518 _d26518 |
||
| 001 | 2486576 | ||
| 005 | 20170204144920.0 | ||
| 008 | 910418s1991 ohua 001 0 eng | ||
| 010 | _a 91016371 | ||
| 020 |
_a0891343881 (pbk.) : _c$14.95 |
||
| 040 |
_aDLC _cDLC _dDLC |
||
| 050 | 0 | 0 |
_aNC730 _b.A52 1991 |
| 100 | 1 |
_aAlbert, Greg, _d1953- |
|
| 245 | 1 | 0 |
_aBasic drawing techniques / _cGreg Albert, Rachel Wolf. |
| 250 | _a1st ed. | ||
| 260 |
_aCincinnati, Ohio : _bNorth Light Books, _cc1991. |
||
| 300 |
_a121 p. : _bill. ; _c28 cm. |
||
| 500 | _aIncludes index. | ||
| 650 | 0 |
_aDrawing _xTechnique. |
|
| 700 | 2 |
_aRubin Wolf, Rachel, _d1951- |
|
| 942 |
_2lcc _cBOOKS _hNC730 .A52 1991 |
||